2023 Calendrier de l'Avent 1 : Les chants - Statistiques

Statistiques générales
  • Ce quiz a été pris 24 fois
  • Le résultat moyen est 8 sur 24
Statistiques - réponses
Question Réponse % Correct
Vive le vent. A qui souhaite-t-on Bonne année ? à la grand-mère
86%
Il est né le divin enfant. Qui joue ? les hautbois
68%
A tous Joyeux Noël. Combien d'étoiles dans le ciel ? 1000
64%
Minuit chrétien. Comment est le peuple qui attend sa délivrance ? A genoux
59%
Les anges dans nos campagnes. Quelle phrase en latin est chantée ? Credo in excelsis deo
59%
Il est né le divin enfant. Depuis quand les prophètes promettaient-ils la venue du Christ plus de 4000 ans
59%
Noël blanc - Qu'aime revoir le chanteur en entendant chanter Noël ? ses joies d'enfant
59%
Dans une étable obscure. Jésus selon la chanson est blond
45%
Trois anges sont venus ce soir. Que demande celle à qui on propose un cadeau divin ? le bonheur pour celui qu'elle aime
41%
Le petit renne au nez rouge. son nez est rouge comme un lumignon
36%
Noël des enfants du monde. Comment seront les plumes de l'oiseau de Noël ? de lumière
32%
Entre le boeuf et l'âne gris. Combien de séraphins volent ? 1000
27%
La marche des rois. Qui vient avec les gens armés ? 30 petits pages
23%
Douce nuit. Qui est l'enfant endormi sur la paille ? L'amour infini
23%
Mon beau sapin - Que garde-t-il en hiver ? sa parure
23%
Noël Nouvelet. Quel est la première chose nécessaire pour la Noël ? des lumières
18%
Noël bourguignon. Qui sont les "héros" du chant. L'âne et le boeuf
18%
La plus belle nuit. Jésus est descendu sur la terre pour que les coeurs anxieux ne soient plus solitaires
18%
C'est le jour de la Noël. De quoi St Joseph fait un berceau ? d'un chapeau
14%
Bonjour Noël. Quel est le premier jouet demandé dans la chanson ? un long tunnel
14%
Petit papa Noël. Que distribue le Papa Noël ? des surprises
9%
Ca bergers. Qui vont voir les bergers assemblés ? le Messie
9%
Noël alsacien. A qui s'adresse le chanteur ? Au Père Noël
5%
Au royaume du bonhomme hiver. Comment est son ton ? bonace
5%
Aucun quiz correspondant
Distribution des résultats
% des personnes avec chaque résultat
Percentile par nombre de réponses
Votre historique - résultats
Vous n’avez pas pris ce quiz